|
|
|
|
| LEADER |
02076nam a2200493 a 4500 |
| 001 |
nkc20122342126 |
| 003 |
CZ PrNK |
| 005 |
20120330123348.0 |
| 007 |
ta |
| 008 |
120228s2011 xr ab f 100 0 eng |
| 015 |
|
|
|a cnb002342126
|
| 020 |
|
|
|a 978-80-7368-963-6
|q (brož.)
|
| 035 |
|
|
|a (OCoLC)791319469
|
| 040 |
|
|
|a ABA001
|b cze
|d BOA001
|
| 072 |
|
7 |
|a 316.4
|x Sociální procesy
|2 Konspekt
|9 18
|
| 080 |
|
|
|a 316.422
|2 MRF
|
| 080 |
|
|
|a 33
|2 MRF
|
| 080 |
|
|
|a 304
|2 MRF
|
| 080 |
|
|
|a 32
|2 MRF
|
| 080 |
|
|
|a (062.534)
|2 MRF
|
| 111 |
2 |
|
|a Scale of Globalization: Global, Local, Individual
|d (2011 :
|c Ostrava, Česko)
|7 kn20120228008
|
| 245 |
1 |
4 |
|a The Scale of Globalization :
|b think globally, act locally, change individually in the 21st century : [(conference proceedings)] /
|c Přemysl Mácha and Tomáš Drobík (editors)
|
| 250 |
|
|
|a 1st ed.
|
| 260 |
|
|
|a Ostrava :
|b University of Ostrava,
|c 2011
|
| 300 |
|
|
|a 387 s.:
|b il., mapy ;
|c 21 cm
|
| 500 |
|
|
|a Pod názvem: Department of Human Geography and Regional Development, Faculty of Science, University of Ostrava
|
| 504 |
|
|
|a Obsahuje bibliografie a bibliografické odkazy
|
| 650 |
0 |
7 |
|a globalizace
|7 ph120568
|x ekonomické aspekty
|2 czenas
|
| 650 |
0 |
7 |
|a globalizace
|7 ph120568
|x sociální aspekty
|2 czenas
|
| 650 |
0 |
7 |
|a globalizace
|7 ph120568
|x politické aspekty
|2 czenas
|
| 650 |
0 |
9 |
|a globalization
|x economic aspects
|2 eczenas
|
| 650 |
0 |
9 |
|a globalization
|x social aspects
|2 eczenas
|
| 650 |
0 |
9 |
|a globalization
|x political aspects
|2 eczenas
|
| 655 |
|
7 |
|a sborníky konferencí
|7 fd133333
|2 czenas
|
| 655 |
|
9 |
|a proceedings of conferences
|2 eczenas
|
| 700 |
1 |
|
|a Mácha, Přemysl,
|d 1975-
|7 xx0014597
|4 edt
|
| 700 |
1 |
|
|a Drobík, Tomáš,
|d 1980-
|7 js20061117004
|4 edt
|
| 710 |
2 |
|
|a Ostravská univerzita.
|b Katedra sociální geografie a regionálního rozvoje
|7 kn20010709083
|
| 910 |
2 |
|
|a BOA001
|b 2-1282.087
|
| 928 |
9 |
|
|a Ostravská univerzita
|
| 990 |
|
|
|a BK
|
| 995 |
|
|
|a 01
|
| 991 |
|
|
|b 201203
|c NOV
|e n
|
| 996 |
6 |
|
|b 2610503645
|c 2-1282.087
|l MZK
|r Sklad / do 1 hodiny
|n 0
|p p.v.
|w 001229538
|u 000010
|a 1
|e BOA001
|j MZK50
|s P
|